| 000 | 00602nam a2200181 i 4500 | ||
|---|---|---|---|
| 001 | 135631 | ||
| 003 | ES-MaACL | ||
| 005 | 20230906194924.0 | ||
| 007 | t| | ||
| 008 | 070720s1959 sp ||||1| spa d | ||
| 100 | 1 |
_aTorre Monje, Isaac de la. _9110778 |
|
| 245 | 1 | 3 |
_aLa llamada universal a la contemplación en Alvarez de Paz / _cIsaac de la Torre Monje. |
| 260 |
_a[Santander : _bArtes Gráfs. Resona, _c1959] |
||
| 300 |
_a60 p. ; _c24 cm. |
||
| 500 | _aPrecede al tít.: Pontificio Ateneo Angelicum. | ||
| 710 | 2 |
_aPontificio Ateneo Angelicum. _96238 |
|
| 852 |
_aES-MaACL _j2012-F-21 _bR.44251 |
||
| 999 |
_c135631 _d135631 |
||